000 00641cab a2200241 4500
001 X2270
008 090401t1995 xxu||||| |||| 00| 0 eng d
035 _a(Sirsi) u23053
041 _aeng
245 _aDivisional council
260 _c1995
350 _a0
490 _aCSM (Chartered Surveyor Monthly)
_v4(6) April 1995, 55(1)
650 _aANNUAL DINNER
650 _aAPC
_96216
650 _aBRANCH VISITS
650 _aDIVISIONAL COUNCIL
650 _aPLANNING AND DEVELOPMENT DIVISION
650 _aRED BOOK REFORM
690 _aMANAGEMENT-BUSINESS MANAGEMENT-PROFESSIONAL PRACTICE
942 _n0
948 _c04/03/1997
999 _c15448
_d15448